[Event "Perth AUS Open"]
[Site "?"]
[Date "2023.01.03"]
[Round "2.40"]
[White "Arthur, Matthew"]
[Black "De Jong, Sjef"]
[Result "1/2-1/2"]
[WhiteElo "1605"]
[BlackElo "1593"]
[PlyCount "46"]
[EventDate "2023.01.??"]
[EventRounds "11"]
[EventCountry "AUS"]
[SourceVersionDate "2023.01.02"]

1. d4 d5 2. c4 c6 3. Nc3 Nf6 4. e3 Bf5 5. cxd5 cxd5 6. Qb3 Qd7 7. Nf3 a6 8. Ne5 Qc8 9. Nxd5 Nxd5 10. Qxd5 e6 11. Qb3 Nd7 12. Nxd7 Qxd7 13. Be2 Be4 14. O-O Bd6 15. Bd2 O-O 16. Bb4 Bxb4 17. Qxb4 Rac8 18. Rac1 Rc7 19. Rxc7 Qxc7 20. Qc3 Rc8 21. Rc1 Qxc3 22. Rxc3 Rxc3 23. bxc3 b5 1/2-1/2

[Event "Perth AUS Open"]
[Site "?"]
[Date "2023.01.03"]
[Round "2.41"]
[White "Gunawan, Tjermin"]
[Black "Milovanovic, Stevica"]
[Result "1-0"]
[WhiteElo "1593"]
[BlackElo "1348"]
[PlyCount "97"]
[EventDate "2023.01.??"]
[EventRounds "11"]
[EventCountry "AUS"]
[SourceVersionDate "2023.01.02"]

1. d4 Nf6 2. Nf3 c6 3. g3 d5 4. Bg2 h6 5. O-O Be6 6. Re1 Qc8 7. Nbd2 Bh3 8. c4 Bxg2 9. Kxg2 e6 10. Qb3 Be7 11. e4 dxe4 12. Nxe4 Nxe4 13. Rxe4 Nd7 14. Bd2 O-O 15. Rc1 c5 16. d5 Nf6 17. Re2 b6 18. Rce1 Nh7 19. dxe6 f6 20. Nh4 Qc6+ 21. f3 Rfe8 22. Ng6 Nf8 23. Qc2 Rad8 24. Nxf8 Rxf8 25. a3 a5 26. b4 axb4 27. axb4 Rd4 28. Be3 Rd6 29. bxc5 bxc5 30. Bf4 Rd4 31. Rd1 Rxd1 32. Qxd1 g5 33. Qd7 Qa8 34. Qxe7 gxf4 35. Qxc5 fxg3 36. hxg3 Re8 37. Qd5 Kf8 38. Kh2 Qa3 39. c5 Qa7 40. c6 Qa6 41. Qe4 Re7 42. Rd2 Qc8 43. Rd7 Qb8 44. Qd4 Rxe6 45. Rd8+ Qxd8 46. Qxd8+ Kf7 47. c7 Kg6 48. Qg8+ Kf5 49. Qxe6+ 1-0

[Event "Perth AUS Open"]
[Site "?"]
[Date "2023.01.03"]
[Round "2.42"]
[White "Lawes, Alexander"]
[Black "Roebuck, Derek"]
[Result "0-1"]
[WhiteElo "1407"]
[BlackElo "1592"]
[PlyCount "70"]
[EventDate "2023.01.??"]
[EventRounds "11"]
[EventCountry "AUS"]
[SourceVersionDate "2023.01.02"]

1. e4 e5 2. Nf3 Nc6 3. d4 exd4 4. Bc4 Nf6 5. e5 d5 6. Bb5 Ne4 7. Nxd4 Bc5 8. Bxc6+ bxc6 9. O-O Ba6 10. Re1 Nxf2 11. Kxf2 Qh4+ 12. Ke3 Bxd4+ 13. Kf3 Qh5+ 14. Kg3 Qxd1 15. Rxd1 Bxe5+ 16. Kh3 Bc8+ 17. g4 h5 18. Re1 hxg4+ 19. Kg2 Rxh2+ 20. Kg1 Rh5 21. Bf4 f6 22. Nd2 Kf7 23. Bxe5 Rxe5 24. Nf1 Bf5 25. Rxe5 fxe5 26. Ne3 g6 27. Rf1 Ke6 28. c3 Rh8 29. Kg2 Be4+ 30. Kg3 Rh3+ 31. Kf2 Rf3+ 32. Ke2 d4 33. cxd4 exd4 34. Nxg4 d3+ 35. Ke1 d2+ 0-1

[Event "Perth AUS Open"]
[Site "?"]
[Date "2023.01.03"]
[Round "2.43"]
[White "Xiao Zhou Ning"]
[Black "De Rooy, Samuel"]
[Result "1-0"]
[WhiteElo "1583"]
[BlackElo "1317"]
[PlyCount "83"]
[EventDate "2023.01.??"]
[EventRounds "11"]
[EventCountry "AUS"]
[SourceVersionDate "2023.01.02"]

1. d4 Nf6 2. c4 e6 3. g3 d5 4. Nf3 dxc4 5. Bg2 Bd6 6. O-O O-O 7. Nc3 Nbd7 8. e4 Bb4 9. Qe2 Bxc3 10. bxc3 Nb6 11. Nd2 Bd7 12. Ba3 Re8 13. Bc5 Rc8 14. a4 Nxa4 15. Qxc4 Nxc5 16. Qxc5 b6 17. Qa3 a5 18. Qb3 Bc6 19. Rfe1 h6 20. Nc4 Ba8 21. h3 g6 22. Qb2 Qe7 23. Qd2 Kg7 24. Qd3 Rcd8 25. Rab1 h5 26. f4 Rb8 27. f5 exf5 28. exf5 Qd8 29. fxg6 Rxe1+ 30. Rxe1 Bxg2 31. Kxg2 Qd5+ 32. Kh2 fxg6 33. Ne5 Rf8 34. Qxg6+ Kh8 35. Qh6+ Kg8 36. Qg5+ Kh7 37. Qf5+ Kg8 38. Qg6+ Kh8 39. Qh6+ Kg8 40. Re2 a4 41. Ng6 Re8 42. Rxe8+ 1-0

[Event "Perth AUS Open"]
[Site "?"]
[Date "2023.01.03"]
[Round "2.44"]
[White "Moseley, Paul"]
[Black "Simonds, Marcus"]
[Result "0-1"]
[WhiteElo "1357"]
[BlackElo "1581"]
[PlyCount "60"]
[EventDate "2023.01.??"]
[EventRounds "11"]
[EventCountry "AUS"]
[SourceVersionDate "2023.01.02"]

1. d4 Nf6 2. Nf3 g6 3. c4 Bg7 4. Nc3 d6 5. e4 O-O 6. Bf4 Nbd7 7. Bg3 Nh5 8. Be2 Re8 9. Qd2 c6 10. Ng5 Nxg3 11. hxg3 h6 12. Nh3 e5 13. d5 c5 14. g4 Nf8 15. g3 a6 16. f4 Qe7 17. O-O-O Bd7 18. Kb1 Rab8 19. Rdg1 b5 20. Nd1 exf4 21. Nhf2 bxc4 22. Bxc4 Rxb2+ 23. Qxb2 Bxb2 24. Kxb2 Qe5+ 25. Kc2 Rb8 26. Nd3 Qxe4 27. Bb3 c4 28. N1f2 cxd3+ 29. Nxd3 Rc8+ 30. Kd2 Qe3+ 0-1

[Event "Perth AUS Open"]
[Site "?"]
[Date "2023.01.03"]
[Round "2.45"]
[White "Schiavone, Emmanuel"]
[Black "Manganas, Alexander"]
[Result "1-0"]
[WhiteElo "1573"]
[BlackElo "1155"]
[PlyCount "41"]
[EventDate "2023.01.??"]
[EventRounds "11"]
[EventCountry "AUS"]
[SourceVersionDate "2023.01.02"]

1. e4 e5 2. Nf3 Nc6 3. Bb5 a6 4. Ba4 Nf6 5. O-O Nxe4 6. d4 b5 7. Bb3 d5 8. dxe5 Be6 9. c3 Be7 10. Nbd2 O-O 11. Bc2 f5 12. exf6 Nxf6 13. Nb3 Bg4 14. Qd3 Ne4 15. Nbd4 Na5 16. Ne5 Bh5 17. Ndc6 Nxc6 18. Nxc6 Qd6 19. Qxd5+ Rf7 20. Nxe7+ Qxe7 21. Qxa8+ 1-0

[Event "Perth AUS Open"]
[Site "?"]
[Date "2023.01.03"]
[Round "2.46"]
[White "Li, Ian"]
[Black "Umasankar, Naveen Ramnat"]
[Result "0-1"]
[WhiteElo "1341"]
[BlackElo "1573"]
[PlyCount "57"]
[EventDate "2023.01.??"]
[EventRounds "11"]
[EventCountry "AUS"]
[SourceVersionDate "2023.01.02"]

1. e4 e6 2. d4 d5 3. e5 c5 4. c3 Qb6 5. Nf3 Nc6 6. Bd3 Bd7 7. O-O cxd4 8. Re1 Bc5 9. b4 Be7 10. a3 a6 11. Bd2 dxc3 12. Nxc3 Rc8 13. Rc1 Nd4 14. h3 h5 15. Bf4 Nh6 16. Nxd4 Qxd4 17. Be3 Qh4 18. Bf1 Nf5 19. Qf3 Nxe3 20. Rxe3 d4 21. Re4 Qg5 22. Rd1 Rxc3 23. Qe2 Bb5 24. Qb2 Bxf1 25. Kxf1 O-O 26. Rexd4 Rfc8 27. R4d2 Qxe5 28. g3 Rc1 29. Kg2 0-1

[Event "Perth AUS Open"]
[Site "?"]
[Date "2023.01.03"]
[Round "2.48"]
[White "De Rooy, Jack"]
[Black "De Vas, Yonal"]
[Result "1-0"]
[WhiteElo "1242"]
[BlackElo "1558"]
[PlyCount "81"]
[EventDate "2023.01.??"]
[EventRounds "11"]
[EventCountry "AUS"]
[SourceVersionDate "2023.01.02"]

1. d4 d5 2. Bf4 Nf6 3. Nf3 e6 4. e3 c5 5. c3 Nc6 6. Nbd2 a6 7. Bd3 Qb6 8. Rb1 h6 9. O-O Be7 10. Ne5 O-O 11. Qf3 cxd4 12. exd4 g5 13. Bg3 Qa5 14. Ra1 Nxd4 15. cxd4 Qxd2 16. h4 h5 17. hxg5 Qxg5 18. Bf4 Qg7 19. Qe3 Ng4 20. Nxg4 Qxg4 21. Bh6 Re8 22. f3 Qg3 23. Bf4 Qg7 24. Bh6 Qh8 25. Kf2 Bf6 26. Qf4 Bxd4+ 27. Ke1 Qe5+ 28. Qxe5 Bxe5 29. Rb1 Bg3+ 30. Kd2 e5 31. Rh1 h4 32. Bg5 h3 33. gxh3 e4 34. fxe4 dxe4 35. Rbg1 Bf2 36. Rg2 f6 37. Be3+ Kh8 38. Rxf2 exd3 39. Rxf6 Rd8 40. Rg1 Bxh3 41. Rh6# 1-0

[Event "Perth AUS Open"]
[Site "?"]
[Date "2023.01.03"]
[Round "2.52"]
[White "Vujasin, Nikola"]
[Black "Pavelic, Toni Martin"]
[Result "1-0"]
[WhiteElo "1539"]
[BlackElo "1348"]
[PlyCount "121"]
[EventDate "2023.01.??"]
[EventRounds "11"]
[EventCountry "AUS"]
[SourceVersionDate "2023.01.02"]

1. d4 Nf6 2. c4 g6 3. Nc3 Bg7 4. e4 d6 5. Nf3 O-O 6. Be2 b6 7. O-O c5 8. d5 e6 9. Bg5 exd5 10. Nxd5 Nc6 11. Qc2 Bg4 12. Rad1 Bxf3 13. Bxf3 Nd4 14. Qc1 Nxf3+ 15. gxf3 h6 16. Nxf6+ Bxf6 17. Bxh6 Re8 18. b3 Re5 19. Bf4 Bg5 20. Kh1 Qf6 21. Rxd6 Qxd6 22. Bxg5 Qd3 23. Be3 Rd8 24. Rg1 Qe2 25. Kg2 f5 26. Re1 Qd3 27. Bf4 Ree8 28. e5 Re6 29. Bg5 Rd4 30. f4 Re4 31. Rd1 Qe2 32. Rd8+ Kf7 33. Qd1 Qxd1 34. Rxd1 Rd4 35. Rxd4 cxd4 36. Kf3 Re8 37. Ke2 Rc8 38. Kd3 Rc5 39. Kxd4 a5 40. a3 Ke6 41. b4 Rc7 42. c5 axb4 43. axb4 bxc5+ 44. bxc5 Rd7+ 45. Kc4 Rc7 46. h4 Rc8 47. f3 Rc6 48. Kb5 Kd5 49. Be7 Rc8 50. Bd6 Ke6 51. Kb6 Kd7 52. Kb7 Re8 53. c6+ Kd8 54. e6 Rxe6 55. c7+ Kd7 56. c8=Q+ Kxd6 57. Qd8+ Kc5 58. Qf8+ Kb5 59. Kc7 Rc6+ 60. Kd7 Kb6 61. Qb4+ 1-0

[Event "Perth AUS Open"]
[Site "?"]
[Date "2023.01.03"]
[Round "3.1"]
[White "Tin Jingyao"]
[Black "Lakner, Jay"]
[Result "1-0"]
[WhiteElo "2598"]
[BlackElo "2060"]
[PlyCount "93"]
[EventDate "2023.01.??"]
[EventRounds "11"]
[EventCountry "AUS"]
[SourceVersionDate "2023.01.02"]

1. d4 f5 2. g3 Nf6 3. Bg2 g6 4. c4 Bg7 5. Nc3 O-O 6. Nh3 d6 7. d5 Na6 8. Nf4 Nc5 9. h4 Bd7 10. h5 Nxh5 11. Nxh5 gxh5 12. Qc2 Be8 13. Bf3 Bg6 14. Bxh5 e5 15. Bxg6 hxg6 16. Be3 Kf7 17. g4 Qd7 18. Bxc5 dxc5 19. gxf5 Qxf5 20. Ne4 Rh8 21. O-O-O Rxh1 22. Rxh1 Rh8 23. Rxh8 Bxh8 24. d6 c6 25. Qd3 Ke8 26. Nxc5 Qxd3 27. exd3 b6 28. Ne4 a5 29. a3 Kd7 30. b4 axb4 31. axb4 c5 32. bxc5 bxc5 33. Kc2 Bg7 34. Kb3 Bf8 35. Ka4 Kc6 36. Ka5 g5 37. f3 Bxd6 38. Nxd6 Kxd6 39. Kb6 e4 40. dxe4 Ke5 41. Kxc5 Kf4 42. Kd5 Kxf3 43. e5 g4 44. e6 g3 45. e7 g2 46. e8=Q g1=Q 47. Qe4+ 1-0

[Event "Perth AUS Open"]
[Site "?"]
[Date "2023.01.03"]
[Round "3.2"]
[White "Qi, Mars"]
[Black "Kuybokarov, Temur"]
[Result "0-1"]
[WhiteElo "2087"]
[BlackElo "2558"]
[PlyCount "76"]
[EventDate "2023.01.??"]
[EventRounds "11"]
[EventCountry "AUS"]
[SourceVersionDate "2023.01.02"]

1. d4 Nf6 2. Bg5 Ne4 3. Bf4 c5 4. f3 Qa5+ 5. c3 Nf6 6. Nd2 cxd4 7. Nb3 Qd8 8. Nxd4 d6 9. Bg3 g6 10. e4 Bg7 11. Bc4 O-O 12. Nge2 Nc6 13. O-O d5 14. exd5 Nxd5 15. Nxc6 bxc6 16. Qd2 Nxc3 17. Qe1 Nd5 18. Rd1 Ba6 19. b3 Qc8 20. Bxa6 Qxa6 21. Qd2 Rad8 22. Bf2 Nc3 23. Qxd8 Nxe2+ 24. Kh1 Rxd8 25. Rxd8+ Bf8 26. Rfd1 Qxa2 27. Be3 Kg7 28. Re1 Qa5 29. Rd2 Nc3 30. Bd4+ f6 31. Rc1 Nb5 32. Be3 Qa3 33. Rd3 Qb2 34. h3 Qe2 35. Rcd1 Nc3 36. R1d2 Qe1+ 37. Kh2 Nd5 38. Bxa7 e6 0-1

[Event "Perth AUS Open"]
[Site "?"]
[Date "2023.01.03"]
[Round "3.3"]
[White "Morris, James"]
[Black "Hare, Tim"]
[Result "1-0"]
[WhiteElo "2456"]
[BlackElo "2017"]
[PlyCount "59"]
[EventDate "2023.01.??"]
[EventRounds "11"]
[EventCountry "AUS"]
[SourceVersionDate "2023.01.02"]

1. e4 d6 2. d4 Nf6 3. f3 Nbd7 4. Be3 c6 5. c4 Qc7 6. Nc3 e5 7. Nge2 a5 8. g4 Be7 9. Ng3 exd4 10. Qxd4 Ne5 11. Be2 h6 12. O-O-O Be6 13. h4 c5 14. Nb5 cxd4 15. Nxc7+ Kd7 16. Nxe6 fxe6 17. Bxd4 Nxc4 18. b3 Na3 19. Kb2 d5 20. exd5 Nxd5 21. Bxg7 Rhc8 22. Bd3 b5 23. Be4 b4 24. Nf5 Rc5 25. Rhe1 Bd6 26. Bd4 exf5 27. Bxc5 fxe4 28. Rxd5 Kc6 29. Rxd6+ Kxc5 30. Red1 1-0

[Event "Perth AUS Open"]
[Site "?"]
[Date "2023.01.03"]
[Round "3.4"]
[White "Salasan, Haran"]
[Black "Johansen, Darryl K"]
[Result "0-1"]
[WhiteElo "2002"]
[BlackElo "2360"]
[PlyCount "54"]
[EventDate "2023.01.??"]
[EventRounds "11"]
[EventCountry "AUS"]
[SourceVersionDate "2023.01.02"]

1. d4 e6 2. Bf4 Nf6 3. e3 b6 4. Qf3 d5 5. Nc3 c6 6. O-O-O Bd6 7. Nge2 Ba6 8. g4 O-O 9. g5 Ne8 10. h4 b5 11. Kb1 b4 12. Na4 Bb5 13. Bxd6 Nxd6 14. Nc5 Nd7 15. Nxd7 Qxd7 16. Nf4 Bxf1 17. Rhxf1 Qe7 18. Qg4 a5 19. Nd3 Nc4 20. Ne5 Nxe5 21. dxe5 a4 22. h5 Rfb8 23. h6 b3 24. hxg7 bxc2+ 25. Kxc2 Qc5+ 26. Kb1 Rxb2+ 27. Kxb2 Rb8+ 0-1

[Event "Perth AUS Open"]
[Site "?"]
[Date "2023.01.03"]
[Round "3.5"]
[White "Vo, Thi Kim Phung"]
[Black "Kinsman, Craig C"]
[Result "1-0"]
[WhiteElo "2343"]
[BlackElo "1986"]
[PlyCount "129"]
[EventDate "2023.01.??"]
[EventRounds "11"]
[EventCountry "AUS"]
[SourceVersionDate "2023.01.02"]

1. d4 Nf6 2. c4 e6 3. Nc3 Bb4 4. Nf3 b6 5. Qb3 Bxc3+ 6. Qxc3 Bb7 7. e3 O-O 8. Bd3 Ne4 9. Qc2 f5 10. O-O d6 11. Nd2 Nxd2 12. Bxd2 Nd7 13. Rad1 Nf6 14. d5 exd5 15. Bxf5 dxc4 16. Qxc4+ Bd5 17. Qc2 Qe7 18. Bc3 Be4 19. Qb3+ Kh8 20. Bh3 Rae8 21. f3 Bg6 22. e4 Bf7 23. Qa4 a5 24. Rfe1 Be6 25. e5 dxe5 26. Rxe5 Qf7 27. Bxe6 Rxe6 28. a3 c6 29. Qh4 Rxe5 30. Bxe5 Qb3 31. Qd4 h6 32. h3 Rf7 33. Rd3 Qc2 34. Qe3 c5 35. Rd6 Qf5 36. Rxb6 Nd7 37. Re6 Nxe5 38. Qxe5 Qxe5 39. Rxe5 Rc7 40. Re8+ Kh7 41. Ra8 Rb7 42. Rxa5 Rxb2 43. Rxc5 Ra2 44. Ra5 g6 45. Ra7+ Kg8 46. h4 h5 47. Kh2 Kh8 48. Kh3 Kg8 49. g4 hxg4+ 50. Kxg4 Rg2+ 51. Kf4 Rh2 52. Kg5 Rg2+ 53. Kh6 Rg3 54. Rg7+ Kf8 55. Rxg6 Rxf3 56. Ra6 Rg3 57. h5 Rh3 58. a4 Rh1 59. Rg6 Ra1 60. Rg4 Ra2 61. Kh7 Ra1 62. h6 Ra2 63. Rf4+ Ke7 64. Kg6 Rg2+ 65. Kh5 1-0

[Event "Perth AUS Open"]
[Site "?"]
[Date "2023.01.03"]
[Round "3.6"]
[White "Bassig, Hamish"]
[Black "Wallis, Christopher"]
[Result "1/2-1/2"]
[WhiteElo "1973"]
[BlackElo "2313"]
[PlyCount "49"]
[EventDate "2023.01.??"]
[EventRounds "11"]
[EventCountry "AUS"]
[SourceVersionDate "2023.01.02"]

1. d4 Nf6 2. Nf3 e6 3. Bf4 d5 4. e3 Bd6 5. Nbd2 O-O 6. c3 c5 7. Bd3 Bxf4 8. exf4 cxd4 9. Nxd4 Qc7 10. Ne2 e5 11. fxe5 Qxe5 12. Nf3 Qc7 13. O-O Bg4 14. Ned4 Nc6 15. Qc2 Rad8 16. Rfe1 Bxf3 17. Nxf3 Qb6 18. Rad1 g6 19. a3 Kg7 20. Be2 Rfe8 21. Nd4 Re4 22. Nxc6 bxc6 23. Bf3 Rxe1+ 24. Rxe1 Rd7 25. b4 1/2-1/2

[Event "Perth AUS Open"]
[Site "?"]
[Date "2023.01.03"]
[Round "3.7"]
[White "Liu, Yi"]
[Black "Li Hui"]
[Result "1-0"]
[WhiteElo "2303"]
[BlackElo "1956"]
[PlyCount "105"]
[EventDate "2023.01.??"]
[EventRounds "11"]
[EventCountry "AUS"]
[SourceVersionDate "2023.01.02"]

1. d4 Nf6 2. Nf3 d5 3. c3 e6 4. Bf4 c5 5. e3 Bd6 6. Nbd2 Qc7 7. Bxd6 Qxd6 8. Ne5 O-O 9. Bd3 Qb6 10. Rb1 Nc6 11. O-O Bd7 12. f4 Ne7 13. Rf3 Bb5 14. Bc2 Nf5 15. Rh3 g6 16. g4 Nxe3 17. Rxe3 cxd4 18. cxd4 Qxd4 19. Nf1 Qxf4 20. Qf3 Qxf3 21. Rxf3 Nd7 22. Nxd7 Bxd7 23. g5 Rac8 24. Bb3 Kg7 25. Ne3 f6 26. gxf6+ Rxf6 27. Rbf1 Rxf3 28. Rxf3 Rc1+ 29. Rf1 Rxf1+ 30. Kxf1 Kf6 31. Kf2 Bb5 32. Kf3 Ke5 33. Ng4+ Kd4 34. Kf4 Be2 35. h4 a5 36. Ne5 Bb5 37. Bd1 Be8 38. Bc2 Kc5 39. Ng4 Kd4 40. Nf6 e5+ 41. Kg3 Bf7 42. Nxh7 Ke3 43. Bb3 Kd2 44. Ng5 Bg8 45. Nf3+ Kc1 46. Nxe5 Kxb2 47. Nxg6 Bh7 48. Nf8 Be4 49. h5 d4 50. h6 d3 51. Kf4 d2 52. Kxe4 b5 53. h7 1-0

[Event "Perth AUS Open"]
[Site "?"]
[Date "2023.01.03"]
[Round "3.8"]
[White "Stojic, Dusan"]
[Black "Norris, Damian"]
[Result "1-0"]
[WhiteElo "2219"]
[BlackElo "1890"]
[PlyCount "69"]
[EventDate "2023.01.??"]
[EventRounds "11"]
[EventCountry "AUS"]
[SourceVersionDate "2023.01.02"]

1. Nf3 Nf6 2. g3 d5 3. Bg2 c5 4. O-O Nc6 5. d4 e6 6. c4 dxc4 7. Qa4 Bd7 8. Qxc4 cxd4 9. Nxd4 Rc8 10. Nc3 Nxd4 11. Qxd4 Bc5 12. Qh4 Bc6 13. Rd1 Nd7 14. Bxc6 Rxc6 15. Bg5 f6 16. Bf4 O-O 17. Qg4 Qe7 18. Rd3 f5 19. Qf3 Nf6 20. Bg5 h6 21. Bxf6 Qxf6 22. Rd7 Bd4 23. Rxb7 Rfc8 24. Rc1 a5 25. Kg2 Bxc3 26. Rb3 e5 27. Qd5+ Kh7 28. Rbxc3 Rxc3 29. Rxc3 Rxc3 30. bxc3 a4 31. c4 e4 32. c5 Kg6 33. c6 Qb2 34. Qe6+ Kg5 35. h4+ 1-0

[Event "Perth AUS Open"]
[Site "?"]
[Date "2023.01.03"]
[Round "3.9"]
[White "Nguyen Hong Anh"]
[Black "Jordan, William"]
[Result "1-0"]
[WhiteElo "1954"]
[BlackElo "2181"]
[PlyCount "65"]
[EventDate "2023.01.??"]
[EventRounds "11"]
[EventCountry "AUS"]
[SourceVersionDate "2023.01.02"]

1. d4 Nf6 2. c4 g6 3. g3 c6 4. Bg2 d5 5. cxd5 cxd5 6. Nc3 Bg7 7. Nf3 Nc6 8. Ne5 O-O 9. O-O e6 10. Be3 Nd7 11. Nf3 h6 12. h4 Nf6 13. Rc1 Ne8 14. Qd2 Kh7 15. Ne5 Nxe5 16. dxe5 Bxe5 17. Bxh6 Rh8 18. Bf4 Bf6 19. Rfd1 Bd7 20. Nxd5 exd5 21. Qxd5 Be6 22. Qxb7 Qa5 23. Qxa8 Bxb2 24. Rb1 Bg7 25. Rb8 Nf6 26. Rxh8+ Bxh8 27. Qd8 Qxa2 28. Be5 Qxe2 29. Qxh8+ Kxh8 30. Bxf6+ Kh7 31. Rd8 g5 32. h5 Qxh5 33. Be4+ 1-0

[Event "Perth AUS Open"]
[Site "?"]
[Date "2023.01.03"]
[Round "3.10"]
[White "Fu Yihe, Rebo"]
[Black "Li, Tedric"]
[Result "1-0"]
[WhiteElo "2149"]
[BlackElo "1688"]
[PlyCount "93"]
[EventDate "2023.01.??"]
[EventRounds "11"]
[EventCountry "AUS"]
[SourceVersionDate "2023.01.02"]

1. e4 c6 2. d4 d5 3. e5 Bf5 4. Nf3 e6 5. Be2 Nd7 6. O-O Nh6 7. Nbd2 Bg6 8. c3 Nf5 9. a4 Be7 10. a5 a6 11. Re1 O-O 12. Nf1 c5 13. Bd3 cxd4 14. cxd4 Nb8 15. Ng3 Nxg3 16. hxg3 Nc6 17. Bxg6 hxg6 18. Bd2 Qd7 19. g4 Rfc8 20. g3 Nb4 21. Bc3 Qb5 22. Kg2 Bd8 23. Rh1 Bxa5 24. Qd2 b6 25. Qg5 Qd7 26. Qh4 Kf8 27. Qh8+ Ke7 28. Qxg7 Rf8 29. Qf6+ Ke8 30. Rh8 Qe7 31. Rxf8+ Qxf8 32. Rh1 Kd7 33. Rh7 Qe8 34. Rxf7+ Kc6 35. Re7 Qc8 36. Bxb4 Bxb4 37. Rxe6+ Kb5 38. Rxb6+ Ka5 39. Rc6 Qb7 40. Qxg6 Qb5 41. Rc1 Qe2 42. Qc6 Qxb2 43. Qxd5+ Ka4 44. Qxa8 Qxc1 45. Qxa6+ Kb3 46. Qd3+ Ka4 47. d5 1-0

[Event "Perth AUS Open"]
[Site "?"]
[Date "2023.01.03"]
[Round "3.11"]
[White "Tan Zhong Kai"]
[Black "Kargosha, Bahman"]
[Result "1/2-1/2"]
[WhiteElo "1923"]
[BlackElo "2096"]
[PlyCount "98"]
[EventDate "2023.01.??"]
[EventRounds "11"]
[EventCountry "AUS"]
[SourceVersionDate "2023.01.02"]

1. e4 e5 2. Nf3 Nc6 3. Nc3 Nf6 4. d4 exd4 5. Nxd4 Bb4 6. Nxc6 bxc6 7. Bd3 d5 8. Bd2 O-O 9. O-O Bxc3 10. Bxc3 Nxe4 11. Bxe4 dxe4 12. Qe2 Re8 13. Rad1 Qg5 14. Qe3 Qxe3 15. fxe3 Be6 16. Rd4 f5 17. Rfd1 Kf7 18. Kf2 g5 19. g3 Kg6 20. Ra4 a6 21. Ra5 Bd5 22. Bd4 Rf8 23. Be5 Rf7 24. b3 Re7 25. Bd4 Rf7 26. c4 Be6 27. Be5 Re7 28. Rc5 Kf7 29. Rxc6 a5 30. Rxc7 Rxc7 31. Bxc7 a4 32. Rd2 axb3 33. axb3 Ra1 34. Rb2 Rh1 35. Kg2 Rc1 36. Be5 Rd1 37. Ra2 Rd3 38. Ra7+ Ke8 39. Bf6 Bf7 40. c5 Bxb3 41. Re7+ Kf8 42. c6 Rd2+ 43. Kg1 Rc2 44. c7 g4 45. Rxh7 Rc1+ 46. Kf2 Rc2+ 47. Ke1 Rc1+ 48. Kd2 Rc2+ 49. Ke1 Rc1+ 1/2-1/2

[Event "Perth AUS Open"]
[Site "?"]
[Date "2023.01.03"]
[Round "3.12"]
[White "Rozuwiecka, Anna"]
[Black "Maris, Rob"]
[Result "1-0"]
[WhiteElo "1798"]
[BlackElo "1925"]
[PlyCount "81"]
[EventDate "2023.01.??"]
[EventRounds "11"]
[EventCountry "AUS"]
[SourceVersionDate "2023.01.02"]

1. d4 Nf6 2. c4 e6 3. g3 d5 4. Bg2 Be7 5. Nf3 O-O 6. O-O b6 7. cxd5 exd5 8. Bf4 Bb7 9. Nc3 Na6 10. Rc1 Nh5 11. Be3 f5 12. Qd2 c6 13. Bg5 Bxg5 14. Qxg5 Qe8 15. Ne5 h6 16. Qg6 Qxg6 17. Nxg6 Rf6 18. Ne5 g6 19. e3 Rd8 20. Rfd1 Ng7 21. a3 Nb8 22. b4 Rfd6 23. Kf1 Nd7 24. Ke1 Nxe5 25. dxe5 R6d7 26. Rd2 Kf7 27. Rcd1 Ke6 28. f4 g5 29. Ne2 c5 30. bxc5 bxc5 31. Rc2 Rc8 32. Rdc1 c4 33. Nd4+ Ke7 34. Bh3 g4 35. Bg2 Rf8 36. Rb1 Ne6 37. Rcb2 Nc5 38. Rb5 Nd3+ 39. Kd2 Ba8 40. Rb8 Rdd8 41. Rxd8 1-0

[Event "Perth AUS Open"]
[Site "?"]
[Date "2023.01.03"]
[Round "3.15"]
[White "Phillips, Max"]
[Black "Ho, Lachlan"]
[Result "1/2-1/2"]
[WhiteElo "1506"]
[BlackElo "1703"]
[PlyCount "116"]
[EventDate "2023.01.??"]
[EventRounds "11"]
[EventCountry "AUS"]
[SourceVersionDate "2023.01.02"]

1. e4 e5 2. Nf3 Nc6 3. Bb5 a6 4. Ba4 Nf6 5. O-O d6 6. Re1 b5 7. Bb3 Na5 8. c3 c5 9. d4 exd4 10. cxd4 Be7 11. e5 dxe5 12. dxc5 Qxd1 13. Bxd1 e4 14. Ng5 O-O 15. Nc3 Bxc5 16. Ngxe4 Nxe4 17. Nxe4 Bb6 18. Bf3 Bb7 19. Bf4 Rad8 20. b4 Nc4 21. Nf6+ gxf6 22. Bxb7 Bd4 23. Rac1 Bb2 24. Rb1 Bc3 25. Rec1 Nd2 26. Bxd2 Bxd2 27. Rd1 Rd6 28. Bxa6 Rxa6 29. Rxd2 Rc8 30. g3 Rc4 31. Rb3 Rac6 32. Rd8+ Kg7 33. Rb8 Rc2 34. a3 R6c3 35. Rxc3 Rxc3 36. Rxb5 Rxa3 37. Rb7 Kg6 38. b5 Rb3 39. b6 h5 40. Kg2 Kf5 41. Rb8 Kg6 42. b7 Kg7 43. Kf1 Kh7 44. Ke2 Kg7 45. Kd2 Rb2+ 46. Kc3 Rb6 47. Kc4 Rb1 48. Kd5 Kh7 49. Kd6 Kg7 50. h3 Rb2 51. g4 hxg4 52. hxg4 Rb1 53. f4 Rb2 54. g5 fxg5 55. fxg5 Rb1 56. Kc7 Rc1+ 57. Kb6 Rb1+ 58. Kc7 Rc1+ 1/2-1/2

[Event "Perth AUS Open"]
[Site "?"]
[Date "2023.01.03"]
[Round "3.16"]
[White "Rice, Leah"]
[Black "Can, Ryan"]
[Result "1/2-1/2"]
[WhiteElo "1403"]
[BlackElo "1658"]
[PlyCount "62"]
[EventDate "2023.01.??"]
[EventRounds "11"]
[EventCountry "AUS"]
[SourceVersionDate "2023.01.02"]

1. d4 Nf6 2. c4 e6 3. Nc3 c5 4. d5 exd5 5. cxd5 d6 6. e4 g6 7. Nf3 Bg7 8. Be2 O-O 9. O-O Re8 10. Qc2 a6 11. a4 Nbd7 12. Bf4 Qc7 13. Bc4 Ng4 14. Bg3 Nge5 15. Nxe5 Nxe5 16. Bxe5 Bxe5 17. f4 Bd4+ 18. Kh1 Bd7 19. Ne2 Bg7 20. Ng3 b5 21. axb5 Bxb5 22. Ra2 Bxc4 23. Qxc4 Qb6 24. b3 Qb5 25. Qc2 Reb8 26. Rf3 h5 27. f5 Re8 28. h3 h4 29. fxg6 fxg6 30. Ne2 Qb4 31. e5 Qe1+ 1/2-1/2

[Event "Perth AUS Open"]
[Site "?"]
[Date "2023.01.03"]
[Round "3.17"]
[White "Simonds, Marcus"]
[Black "Gong, Patrick"]
[Result "0-1"]
[WhiteElo "1581"]
[BlackElo "2292"]
[PlyCount "50"]
[EventDate "2023.01.??"]
[EventRounds "11"]
[EventCountry "AUS"]
[SourceVersionDate "2023.01.02"]

1. Nf3 d5 2. d4 Nf6 3. e3 Bg4 4. Nbd2 e6 5. a3 Bd6 6. Be2 O-O 7. b3 c5 8. Bb2 cxd4 9. exd4 Qc7 10. h3 Bf5 11. Rc1 Nc6 12. O-O h6 13. Re1 Rad8 14. Bf1 Ne4 15. Re2 Qb8 16. g4 Bh7 17. Bg2 Nxd2 18. Nxd2 Ne7 19. Re5 Bxe5 20. dxe5 Ng6 21. Qe2 d4 22. Be4 Qxe5 23. Re1 d3 24. Bxg6 Qxe2 25. Bxh7+ Kxh7 0-1

[Event "Perth AUS Open"]
[Site "?"]
[Date "2023.01.03"]
[Round "3.18"]
[White "Teh Rui Gen"]
[Black "Yeung, Evan"]
[Result "1-0"]
[WhiteElo "2028"]
[BlackElo "1608"]
[PlyCount "49"]
[EventDate "2023.01.??"]
[EventRounds "11"]
[EventCountry "AUS"]
[SourceVersionDate "2023.01.02"]

1. e4 c6 2. d4 d5 3. Nc3 dxe4 4. Nxe4 Bf5 5. Ng3 Bg6 6. Nf3 Nd7 7. Bd3 Bxd3 8. Qxd3 Ngf6 9. O-O e6 10. Re1 c5 11. d5 Qb6 12. dxe6 fxe6 13. Ng5 e5 14. Qc4 O-O-O 15. Nf7 Be7 16. Nxh8 Rxh8 17. Nf5 Bd6 18. Nxd6+ Qxd6 19. Be3 Kb8 20. Rad1 Qc7 21. Rd2 Rd8 22. Red1 h5 23. Bg5 e4 24. Bxf6 gxf6 25. Qe6 1-0